01687nam a22002537a 450000500170000000800410001702000180005804000180007608200200009410000250011424500700013925000120020926000460022130000270026750003440029450502820063865000210092065000350094165000330097694200290100999900190103895201880105795201880124520250506115946.0250428b |||||||| |||| 00| 0 eng d a9789351611509 cAIMIT LIBRARY 21a658.4 bPRAL aPrasad, L M.9209004 aManagement process and organizational behaviour /cBy L M Prasad. a1st ed. aNew Delhi :bSultan Chand & Sons /c2024. ax,212p. ;bPBc24.8 cm aThe book in the present edition has been thoroughly revised and restructured. All the chapters have been re – written not only to incorporate new developments in organizational behavior but also to make the subject – matter more lucid and crisp. Thus , the present edition is vastly improved both in terms of contents and presentation. a Contents : Part I: Management Process Introduction to management Planning Organizing Staffing Motivating and Leading Controlling Part II: Organizational Behaviour Introduction to Organizational Behaviour Individual Behaviour Group Behaviour Team Development Appendix Glossary aPlanning9209005 aMotivating and leading9209006 aIndividual behaviour9209007 2ddccBKe1stk658.4 PRAL c234256d234256 00102ddc40708MBAaAIMITbAIMITcOBd2025-03-17eBiblios Book Pointg225.00iBill.no:7480; Bill.dt:2025/03/12l0o658.4 PRALpMBA15092r2026-05-23 00:00:00v191.25w2025-04-28yBK 00102ddc40708MBAaAIMITbAIMITcOBd2025-03-17eBiblios Book Pointg225.00iBill.no:7480; Bill.dt:2025/03/12l0o658.4 PRALpMBA15093r2026-05-23 00:00:00v191.25w2025-04-28yBK